Physical examination & health assessment
With an easy-to-read approach and unmatched learning resources, this text offers a clear, logical, and holistic approach to physical exams across the lifespan. A total of 1,200 illustrations, checklists of key exam steps, and practical insights ensure that you learn all the physical exam skills you...
Uloženo v:
| Hlavní autor: | |
|---|---|
| Médium: | Kniha |
| Jazyk: | Undetermined |
| Vydáno: |
St. Louis, Mo.
Elsevier
2016
|
| Témata: | |
| Tagy: |
Přidat tag
Žádné tagy, Buďte první, kdo otaguje tento záznam!
|
| Thư viện lưu trữ: | Trung tâm Học liệu Trường Đại học Cần Thơ |
|---|
| LEADER | 01082nam a2200193Ia 4500 | ||
|---|---|---|---|
| 001 | CTU_226550 | ||
| 008 | 210402s9999 xx 000 0 und d | ||
| 082 | |a 616.0754 | ||
| 082 | |b J38 | ||
| 100 | |a Jarvis, Carolyn | ||
| 245 | 0 | |a Physical examination & health assessment | |
| 245 | 0 | |c Carolyn Jarvis | |
| 260 | |a St. Louis, Mo. | ||
| 260 | |b Elsevier | ||
| 260 | |c 2016 | ||
| 520 | |a With an easy-to-read approach and unmatched learning resources, this text offers a clear, logical, and holistic approach to physical exams across the lifespan. A total of 1,200 illustrations, checklists of key exam steps, and practical insights ensure that you learn all the physical exam skills you need to know. Written by Carolyn Jarvis, an experienced educator and clinician, this gold standard in physical examination reflects what is going on in nursing today with coverage of emerging trends and the latest on evidence-based practice | ||
| 650 | |a Đánh giá điều dưỡng,Nursing assessment | ||
| 910 | |b vtbtruc | ||
| 980 | |a Trung tâm Học liệu Trường Đại học Cần Thơ | ||